000 00545nam a2200181Ia 4500
003 IN-BaIIA
008 211028s9999 xx 000 0 eng d
020 _a0-7503-0346-8
040 _cIIA Library
080 _a535.33
_bKIT
100 _aKitchin, C. R
_913740
245 0 _aOptical astronomical spectroscopy
_cC. R. Kitchin
260 _aBristol
_bInstitute of Physics
_c1995
300 _axi, 272p.
650 _aOptical astronomy
_94227
650 _aOptics, Spectroscopy
_921798
942 _cBK
999 _c12451
_d12451